书目信息 |
| 题名: |
分子光谱与分子结构
|
|
| 作者: | 赫兹堡 , Herzberg 著 ;王鼎昌 译 | |
| 分册: | 第二卷 多原子分子的红外光谱与喇曼光谱 | |
| 出版信息: | 北京 科学出版社 1986 |
|
| 页数: | 524页 | |
| 开本: | 26cm | |
| 丛书名: | ||
| 单 册: | ||
| 中图分类: | O561.3 | |
| 科图分类: | ||
| 主题词: | 分子物理学 , 原子物理学 | |
| 电子资源: | ||
| ISBN: | ||
| 000 | 00808nam0 2200277 45 | |
| 001 | 0186004925 | |
| 005 | 20040707103818.3 | |
| 010 | @dCNY8.90 | |
| 091 | @a13031.3067 | |
| 100 | @a19951114d1986 em y0chiy0121 ea | |
| 101 | 1 | @achi@ceng |
| 102 | @aCN@b110000 | |
| 105 | @ay z 000yy | |
| 106 | @ar | |
| 200 | 10 | @a分子光谱与分子结构@h第二卷@i多原子分子的红外光谱与喇曼光谱@Afen zi guang pu yu fen zi jie gou@f(加)赫兹堡(Herzberg,G.)著@g王鼎昌译 |
| 210 | @a北京@c科学出版社@d1986 | |
| 215 | @a524页@d26cm | |
| 606 | 0 | @a分子物理学 |
| 606 | 0 | @a原子物理学 |
| 690 | @aO561.3 | |
| 701 | 1 | @a赫兹堡@bG.@4著@Ahe ci bao |
| 701 | A1 | @aHerzberg@bG.@4著 |
| 702 | 0 | @a王鼎昌@4译@Awang ding chang |
| 801 | 0 | @aCN@b深圳图书馆@c20040707 |
| 801 | 2 | @aCN@bNLC@c20040707 |
| 905 | @f1@b151623@dO561.3@e14:2 | |
| 分子光谱与分子结构.第二卷.多原子分子的红外光谱与喇曼光谱/(加)赫兹堡(Herzberg,G.)著/王鼎昌译.-北京:科学出版社,1986 |
| 524页;26cm |
| ISBN :CNY8.90 |
| ● |
| 相关链接 |
|
|
|
|
正题名:分子光谱与分子结构
索取号:O561.3/14:2
 
预约/预借
| 序号 | 登录号 | 条形码 | 馆藏地/架位号 | 状态 | 备注 |
| 1 | 0151623 | 000554457 | 工具书阅览室/ [索取号:O561.3/14:2] | 在馆 | |
| 2 | 0151624 | 202121480 | 第二样本阅览室/ [索取号:O561.3/14:2] | 在馆 |